| 000 | 01295 a2200205 4500 | ||
|---|---|---|---|
| 001 | 21952 | ||
| 005 | 20260407155509.0 | ||
| 008 | 260407a1996 arg spa d | ||
| 003 | AR-UNSa-BCEJYS | ||
| 040 |
_aAR-UNSa-BCEJYS _bspa _cAR-UNSa-BCEJYS |
||
| 080 |
_a657.3 _xPresupuestos. Cierre de Cuentas. Balances (Estados Contables) |
||
| 245 | 1 | 0 | _aInterpretación y análisis de los estados contables |
| 020 | _a978-950-537-341-3 | ||
| 264 | 1 |
_aBuenos Aires : _bEdiciones Macchi _c1996 |
|
| 300 |
_a205 p. _c28 cm. |
||
| 505 | _a1. Contenido y metodología de la obra - 2. Introducción a la teoría contable: Normas de valuación - 3. Introducción a la teoría contable: Normas de exposición ajustes extracontables para el análisis - 4. Los cambios en la posición financiera de las empresas - 5. Tipos de análisis con estados contables - 6. Caso base de análisis de estados contables - 7. Presentación de informes sobre el análisis de los estados contables - 8. Estados contables proyectados - 9. Clasificaciones vinculadas con créditos bancarios y compañías de seguros - 10. Calisificaciones de riesgo por la compra de títulos valores(acciones y obligaciones negociables) en oferta pública. | ||
| 942 | _cBK | ||
| 590 | _aniveau_biblio:m niveau_hierar:0 | ||
| 100 | 1 | _aBiondi, Mario | |
| 999 |
_c872 _d872 |
||